| 000 | 00796nam a22001817a 4500 | ||
|---|---|---|---|
| 008 | 260701b mx ||||| |||| 000 0 spa d | ||
| 040 | _bspa | ||
| 082 | 0 | 4 |
_a344.7245046 _bQ47 |
| 245 | _aLEY ESTATAL DEL EQUILIBRIO ECOLOGICO Y LA PROTECCION AL AMBIENTE | ||
| 260 | _aMÉXICO | ||
| 300 |
_a21 _c21.5 cm x 16.5 cm |
||
| 336 |
_2rdacontent _atexto _btxt |
||
| 337 |
_2rdamedia _asin mediación _bn |
||
| 338 |
_2rdacarrier _avolumen _bnc |
||
| 505 | _aESTABLECE EL MARCO LEGAL PARA CONSERVAR LOS RECURSOS NATURALES, REGULAR EL USO DEL TERRITORIO Y PREVENIR LA CONTAMINACIÓN EN EL ESTADO. SU OBJETIVO PRINCIPAL ES GARANTIZAR EL DESARROLLO SUSTENTABLE Y LA PROTECCIÓN DEL MEDIO AMBIENTE. | ||
| 650 |
_aCIENCIAS SOCIALES _vDERECHO _xDERECHO LABORAL, SOCIAL, EDUCATIVO, CULTURAL |
||
| 942 |
_2ddc _cCOLQ |
||
| 999 |
_c68730 _d68730 |
||